00368nam a2200181Ia 4500003000900000008004100009040001300050040001300063041000800076100002000084245002900104250000900133260000800142260000900150300001100159300001000170490000600180IT-RoPAU120407s9999 xx 000 0 und d aIT-RoPAU cIT-RoPAU aita aEnrico Giachery aCome pubblicare un libro aRoma aOet c1948 a120 p. c21 cm v1